000 02050cam a2200577 4500
999 _c371243
_d371243
001 1604784156
003 DE-627
005 20211229135828.0
007 tu
008 100823s2013 gw ||||| 00| ||ger c
015 _a10,N21
_2dnb
016 7 _a100258759X
_2DE-101
020 _a9783412206314
_cGB. : ca. EUR 34.90, ca. EUR 35.90 (AT)
024 3 _a9783412206314
035 _a(DE-627)1604784156
035 _a(DE-576)328050210
035 _a(DE-599)DNB100258759X
035 _a(OCoLC)699848052
035 _a(OCoLC)699848052
040 _aDE-627
_bger
_cDE-627
_erakwb
_dDE-2950
041 _ager
_aeng
044 _cXA-DE-NW
082 0 4 _a910
084 _aND 8040
_2rvk
_0(DE-625)rvk/125149:
084 _aND 8570
_2rvk
_0(DE-625)rvk/125164:
090 _aa
245 1 0 _aStädteatlanten :
_bvier Jahrzehnte Atlasarbeit in Europa /
_chrsg. von Wilfried Ehbrecht.
264 1 _aKöln;
_aWeimar;
_aWien:
_bBöhlau,
_c2013.
300 _aXLVI, 385 S.:
_bIll., graph. Darst., Kt.
336 _aText
_btxt
_2rdacontent
337 _aohne Hilfsmittel zu benutzen
_bn
_2rdamedia
338 _aBand
_bnc
_2rdacarrier
490 1 _aStädteforschung
_aReihe A, Darstellungen
_v80
500 _aBeitr. teilw. dt., teilw. engl
650 4 _aGeschichte 1970-2010
650 4 _aAufsatzsammlung
650 4 _aEuropa
650 4 _aStadt
650 4 _aAtlas
650 4 _aForschung
650 4 _acittà
655 7 _aAufsatzsammlung
_0(DE-588)4143413-4
_0(DE-627)105605727
_0(DE-576)209726091
_2gnd-content
951 _aBO
700 1 _aEhbrecht, Wilfried
_d1941-
_eHrsg.
_0(DE-588)123226341
_0(DE-627)082424497
_0(DE-576)160834090
_4edt
830 0 _aStädteforschung / A
_v80
_980
_w(DE-627)130159506
_w(DE-576)015701735
_w(DE-600)517592-6
_x2748-4564
856 4 2 _uhttp://d-nb.info/100258759X/04
_mB:DE-101
_qapplication/pdf
_3Inhaltsverzeichnis
856 4 2 _uhttp://deposit.d-nb.de/cgi-bin/dokserv?id=3478711&prov=M&dok_var=1&dok_ext=htm
_qtext/html
_3Inhaltstext
936 r v _aND 8040
936 r v _aND 8570
942 _2z
_cB